Friends Trivia #4 - Statistics

General Stats
  • This quiz has been taken 58 times
  • The average score is 5 of 9
Answer Stats
Hint Answer % Correct
How many seasons of friends are there? 10
98%
Where is Paolo from? Italy
92%
Who is Ross's second divorce with? Emily
88%
What does Phoebe do as a job? Massage
67%
In the quiz in where Monica and Rachel lose their apartment, one of the categories is 'it's all _____' Relative
54%
When do Joey and Janine first kiss? New Year's
38%
What is one of the terms that they use at Chandler's work? WENUS or ANUS
27%
What is the actual name of the cat that Phoebe thought was her mom? Julio
13%
What is the made up name that Phoebe makes up when lying to Gary about the police department? (HINT: IT STARTS WITH A S) Sipowitz
6%
No matching quizzes found
Score Distribution
Percent of People with Each Score
Percentile by Number Answered
Your Score History
You have not taken this quiz